01421cam a2200337 a 4500999001900000001000900019005001700028008004100045010001700086015001900103016001800122020004300140020001800183035002400201035002100225040005400246050002300300082001800323100003400341245010600375260004300481300003600524505013100560650005500691700003600746700002700782856008300809906004500892942002300937952012300960 c330710d3307101523292220180119161825.0080325s2008 maua b 001 0 eng  a 2008013841 aGBA8893072bnb7 a0146696512Uk a9780262201759 (hardcover : alk. paper) a9788120339965 a(OCoLC)ocn214322997 a(OCoLC)214322997 aDLCcDLCdBTCTAdBAKERdYDXCPdUKMdC#PdBWXdDLC00aQA76.7b.T845 200800a005.1,TUR2221 aTurbak, Franklyn Albin.9368210aDesign concepts in programming languages /cFranklyn Turbak and David Gifford ; with Mark A. Sheldon. aCambridge, Mass. :bMIT Press,cc2008. axxiv, 1322 p. :bill. ;c24 cm. aFoundations (Page-1), Introduction (Page-3). Dynamic Semantic (Page-205), Static Semantics (Page-615), Pragmatics (Page-1003). 0aProgramming languages (Electronic computers)936831 aGifford, David K.,d1954-936841 aSheldon, Mark A.93685413Table of contents onlyuhttp://www.loc.gov/catdir/toc/ecip0814/2008013841.html a7bcbccorignewd1eecipf20gy-gencatlg 2ddccBKk005.1,TUR 00102ddc4070aMCSbMCScGENd2017-07-31l0o005.1,TURp37783r2017-07-31w2017-07-31yBKzAlmirah No.44, Shelf No.1